| 000 | 00585nam a22001817a 4500 | ||
|---|---|---|---|
| 999 |
_c9118 _d9118 |
||
| 003 | AR-CdUCM | ||
| 008 | 190327b ||||| |||| 00| 0 spa d | ||
| 040 |
_aMUNICIPALIDAD PROVINCIAL DEL CUSCO _cBIBLIOTECA MUNICIPAL DEL CUSCO |
||
| 082 |
_a869.32 / _bJ26 |
||
| 100 |
_aJauch, Emma _925129 |
||
| 245 | _aLos hermanos versos / | ||
| 260 |
_aLinares : _bFenix, _c1968. |
||
| 300 |
_a26 paginas ; _c21 cm. |
||
| 505 | _aContenido :Jarro azul -- Viajera -- Angelmó -- Mañana en Chonchi -- Las manos ... | ||
| 650 |
_aLiteratura del siglo XX _97647 |
||
| 942 |
_2ddc _cLIBROS |
||
| 945 | _arum | ||